Angličtina revolučnou metódou TAXUS Learning Ako myslieť v cudzom jazyku, ... bez slovníka, ... bez gramatiky, ... bez bifľovania. Pre začiatočníkov, večných začiatočníkov i pokročilých bez rozdielu veku. 4 113 rôznych slov, 7 960 viet. + 12 CD-ROM-ov

Uložené v:
Podrobná bibliografia
Hlavný autor: Králíčková, Martina, 1968-
Ďalší autori: Toman, Ivo, 1966-
Médium: Kniha
Jazyk:English
Vydavateľské údaje: Praha Ivo Toman 2004
Vydanie:1. vyd.
Predmet:
On-line prístup:View in OPAC
Tagy: Pridať tag
Žiadne tagy, Buďte prvý, kto otaguje tento záznam!

MARC

LEADER 00000nam a2200000 a 4500
005 20260127133952.0
008 050816 2004 xr 000 0 eng d
035 |a vtls008294496 
039 9 |a 200706110734  |b masnk01  |y 200508160941  |z mschk03 
040 |a STUSCHK1  |b slo  |c STUSCHK1  |e AACR2 
080 |a 802.0 
100 1 |a Králíčková, Martina,  |d 1968-  |9 1084 
245 1 |a Angličtina revolučnou metódou TAXUS Learning  |b Ako myslieť v cudzom jazyku, ... bez slovníka, ... bez gramatiky, ... bez bifľovania. Pre začiatočníkov, večných začiatočníkov i pokročilých bez rozdielu veku. 4 113 rôznych slov, 7 960 viet. + 12 CD-ROM-ov 
250 |a 1. vyd. 
260 |a Praha  |b Ivo Toman  |c 2004 
300 |a 144 s. 
650 0 |a angličtina 
700 1 |a Toman, Ivo,  |d 1966-  |9 787 
910 |a SCHK95 
999 |c 1119  |d 1119